Multivariate statistics for wildlife and ecology research / (Registro nro. 2668)

Detalles MARC
000 -CABECERA
Campo de control 01055cam a22002774a 4500
005 - FECHA Y HORA DE LA ULTIMA TRANSACCION
Campo de control 20160113051134.0
008 - ELEMENTOS DE LONGITUD FIJA—INFORMACION GENERAL
Campo de control 990514s2000 nyua b 001 0 eng
020 ## - ISBN
ISBN 0387988912 (hardcover : alk. paper)
020 ## - ISBN
ISBN 0387986421 (softcover : alk. paper)
040 ## - FUENTE DE CATALOGACIÓN
Agencia catalogadora original DLC
Agencia transcriptora DLC
Agencia Modificadora Co-BoIAvH
041 0# - IDIOMA
Código de idioma para texto/pista de sonido o título separado Inglés
042 ## - AUTHENTICATION CODE
Authentication code pcc
044 ## - PAÍS DE PUBLICACIÓN
País de publicación Estados Unidos
082 00 - NUMERO DE CLASIFICACION DECIMAL DEWEY
Número de clasificación 577.0151
Número del ítem M47m
100 1# - ASIENTO PRINCIPAL--NOMBRE PERSONAL
Nombre personal McGarigal, Kevin.
9 (RLIN) 16949
245 10 - MENCION DE TITULO
Título Multivariate statistics for wildlife and ecology research /
Mención de responsabilidad Kevin McGarigal, Sam Cushman, Susan Stafford.
260 ## - PUBLICACION, DISTRIBUCION, ETC. (PIE DE IMPRENTA)
Lugar de publicación, distribución, etc. New York :
Nombre del editor, distribuidor, etc. Springer,
Fecha de publicación, distribución, etc. c2000.
300 ## - DESCRIPCION FISICA
Extensión xiii, 283 páginas :
Otros detalles físicos ilustraciones. ;
Dimensiones 24 centímetros.
504 ## - NOTA DE BIBLIOGRAFIA, ETC.
Nota de bibliografía Includes bibliographical references and index.
650 20 - ASIENTO SECUNDARIO DE MATERIA - TERMINO TEMATICO
Término temático o nombre geográfico como elemento de entrada Ecología animal
Subdivisión general Investigación
-- Métodos estadísticos
9 (RLIN) 50205
650 20 - ASIENTO SECUNDARIO DE MATERIA - TERMINO TEMATICO
Término temático o nombre geográfico como elemento de entrada Análisis multivariado
9 (RLIN) 16952
700 1# - ASIENTO SECUNDARIO - NOMBRE PERSONAL
Nombre personal Cushman, Sam.
9 (RLIN) 16954
700 1# - ASIENTO SECUNDARIO - NOMBRE PERSONAL
Nombre personal Stafford, Susan G.,
Fechas asociadas con el nombre 1952-
9 (RLIN) 50206
856 41 - LOCALIZACION Y ACCESO ELECTRONICOS
Especificación de los materiales Solo tabla de contenido
Identificador Uniforme del Recurso http://www.loc.gov/catdir/enhancements/fy0816/99016036-t.html
942 ## - ELEMENTOS ADICIONALES (KOHA)
Sistema de clasificación Dewey Decimal Classification
Tipo de ítem Libro
Existencias
Withdrawn status Lost status Sistema de Clasificación Damaged status No para préstamo Colección Inventariado Ubicación Permanente Ubicación actual Fecha de adquisición Fuente de Valor Valor Total Checkouts Número topográfico Inventario / Código de Barras Date last seen Ejemplar Price effective from Forma de adquisición Tipo de material
    Dewey Decimal Classification     General Inventariado 2017 Bogotá Bogotá 11/06/2002 Instituto 39000.00   LB-577.0151 M47m 003254 04/12/2012 Ej. 1 04/12/2012 Compra Libro
    Dewey Decimal Classification     General Inventariado 2017 Sala Fabio Quevedo Sala Fabio Quevedo 23/12/2005 Instituto 39000.00   LB-577.0151 M47m 022674 04/12/2012 Ej. 2 04/12/2012 Compra Libro
    Dewey Decimal Classification     General Inventariado 2017 Sala Fabio Quevedo Sala Fabio Quevedo 29/08/2017 Instituto 39000.00   LB-577.0151 M47m 004968 29/08/2017 Ej. 3 29/08/2017 Donación Libro